Viet Nam water resource assistance project: Environment impact assessment. Executive summary

Đã lưu trong:
书目详细资料
企业作者: Ministry of Agriculture and Rural Development (Vietnam)
格式: 图书
语言:Undetermined
出版: Washington D.C The Word Bank 2003
主题:
标签: 添加标签
没有标签, 成为第一个标记此记录!
Thư viện lưu trữ: Trung tâm Học liệu Trường Đại học Cần Thơ
LEADER 00645nam a2200193Ia 4500
001 CTU_62236
008 210402s9999 xx 000 0 und d
082 |a 363.61 
082 |b W927m 
110 |a Ministry of Agriculture and Rural Development (Vietnam) 
245 0 |a Viet Nam water resource assistance project: 
245 0 |b Environment impact assessment. Executive summary 
245 0 |c Ministry of Agriculture and Rural Development (Vietnam) 
260 |a Washington D.C 
260 |b The Word Bank 
260 |c 2003 
650 |a water resources development 
904 |i Minh 
980 |a Trung tâm Học liệu Trường Đại học Cần Thơ